| 000 | 00724nam a22002177a 4500 | ||
|---|---|---|---|
| 005 | 20170124110253.0 | ||
| 010 | _aA-609195 | ||
| 020 | _c150.00 | ||
| 035 | _aA-609195 | ||
| 037 | _bCen Lib/Ret | ||
| 040 |
_aDPL _bEN |
||
| 082 |
_a080 _bIND |
||
| 110 |
_bIndia. Ministry of Information an Broadcasting _9100085 |
||
| 245 |
_aSelected speeches and writtings : _bV.P. Singh (Prime Minister, 1989-90) / |
||
| 260 |
_aNew Delhi _c1993 _bPublication Division, Ministry of Information an Broadcasting |
||
| 270 |
_bNew Delhi _apatiyala house _e110001 |
||
| 300 |
_a329p. _c21cm(Hb) |
||
| 650 |
_aNational affairs _9100086 |
||
| 650 |
_aSpeeches of V.P. Singh _9100087 |
||
| 942 |
_2ddc _cEN _h080 _mIND |
||
| 999 |
_c136013 _d136013 |
||